| 000 | 01270nam a22002657a 4500 | ||
|---|---|---|---|
| 003 | OSt | ||
| 005 | 20210311094013.0 | ||
| 008 | 210311s1994 ck ad||gr|||| 00| 0 spa d | ||
| 020 | _a8448117786 | ||
| 040 |
_aCO-JMCR _cCO-JMCR |
||
| 041 | 1 |
_aspa _heng |
|
| 082 | 0 | 4 |
_a363.7285 / _bT252g _223 |
| 100 | 1 |
_aTchobanoglous, George, _eautor _935917 |
|
| 245 | 1 | 0 |
_aGestión integral de residuos solidos / _cGeorge Tchobanoglous , Hilary Theisen , Samuel Vigil ; traducción y revisión técnica Juan Ignacio Tejero Monzon |
| 260 |
_aMadrid : _bMcGraw-Hill, _c1994 |
||
| 300 |
_a607 páginas : _bilustraciones, graficas y fotografías en blanco y negro ; _c25 cm. |
||
| 505 | 0 | _aPerspectivas -- Orígenes, composición y propiedades de los residuos solidos -- Principios de ingeniería | |
| 520 | 0 | _aEste libro es la respuesta a las necesidades actual de aportar soluciones científicas y de ingeniería a la gestión integral de residuos sólidos dentro del marco de la gestión de recursos. | |
| 650 | 1 | 4 |
_aDesechos peligrosos _935918 |
| 650 | 2 | 4 |
_aRechazar y desechar la basura _935919 |
| 700 | 1 |
_aTheisen, Hilary, _eautor _935920 |
|
| 700 | 1 |
_aVigil, Samuel, _eautor _935921 |
|
| 700 | 1 |
_aTejero Monzon, Juan Ignacio, _etraductor _935922 |
|
| 942 |
_2ddc _cBK |
||
| 999 |
_c15332 _d15332 |
||